国旗クイズ(ランダム20個) - Statistics

General Stats
  • This quiz has been taken 954 times
  • The average score is 12 of 20
Answer Stats
Picture Answer % Correct
アメリカ合衆国
92%
イタリア
90%
インド
89%
ジャマイカ
88%
ケニア
88%
イスラエル
87%
カナダ
87%
スペイン
85%
イギリス
84%
キプロス
84%
サウジアラビア
84%
日本
83%
トルコ
83%
韓国
82%
ニュージーランド
81%
ウクライナ
81%
ロシア
80%
バングラデシュ
80%
エジプト
80%
オーストラリア
79%
スイス
79%
ドイツ
79%
ラトビア
79%
中国
78%
ベルギー
78%
フランス
77%
パキスタン
77%
モロッコ
77%
デンマーク
76%
ブータン
76%
ラオス
76%
カタール
76%
レバノン
75%
南アフリカ
75%
カンボジア
75%
ブラジル
74%
スウェーデン
74%
アイスランド
74%
イラク
74%
スロバキア
74%
ベトナム
73%
パナマ
73%
ポルトガル
73%
ギリシャ
72%
キューバ
72%
オランダ
71%
モナコ
71%
ナイジェリア
71%
ノルウェー
70%
バチカン
70%
パラオ
69%
サンマリノ
69%
オーストリア
69%
ポーランド
69%
インドネシア
69%
北朝鮮
69%
ルーマニア
69%
スリランカ
69%
アイルランド
68%
ジョージア
68%
コソボ
68%
メキシコ
68%
ブルネイ
68%
バーレーン
68%
チュニジア
67%
ボスニアヘルツェゴビナ
67%
ネパール
66%
コスタリカ
66%
フィンランド
65%
マレーシア
65%
北マケドニア
65%
トンガ
64%
エストニア
64%
チェコ
63%
クロアチア
63%
タイ
63%
ルクセンブルク
63%
コートジボワール
62%
アルバニア
62%
パプアニューギニア
62%
アルゼンチン
62%
ミクロネシア
62%
ガーナ
62%
ウズベキスタン
61%
ペルー
61%
カザフスタン
61%
ベネズエラ
61%
チリ
61%
モンゴル
61%
オマーン
60%
バルバドス
60%
イラン
60%
ソマリア
60%
ベラルーシ
60%
ハンガリー
59%
マルタ
59%
ニジェール
59%
アゼルバイジャン
59%
シンガポール
59%
クウェート
59%
フィリピン
59%
セーシェル
59%
中央アフリカ
59%
イエメン
57%
キリバス
56%
アルジェリア
55%
モンテネグロ
55%
スーダン
53%
スロベニア
53%
シエラレオネ
53%
アンゴラ
53%
コロンビア
53%
ウガンダ
53%
レソト
53%
フィジー
53%
東ティモール
52%
キルギス
52%
ツバル
52%
ブルガリア
51%
リビア
51%
トルクメニスタン
51%
リベリア
51%
セルビア
51%
エチオピア
51%
リトアニア
51%
シリア
50%
ジンバブエ
50%
ボツワナ
50%
チャド
50%
エクアドル
50%
ナウル
49%
コンゴ民主共和国
48%
アフガニスタン
48%
スリナム
48%
アルメニア
48%
ザンビア
48%
ミャンマー
47%
トリニダードトバゴ
47%
ホンジュラス
47%
カメルーン
46%
モーリタニア
46%
ウルグアイ
46%
エリトリア
46%
マリ
46%
セントルシア
46%
ドミニカ共和国
45%
アラブ首長国連邦
45%
グアテマラ
45%
ドミニカ国
44%
モルドバ
44%
マダガスカル
43%
パラグアイ
43%
セネガル
43%
クック諸島
43%
ガイアナ
42%
グレナダ
42%
ナミビア
41%
ジブチ
41%
サモア
41%
ニカラグア
41%
モルディブ
40%
エスワティニ
40%
ヨルダン
40%
トーゴ
40%
コモロ
39%
マラウイ
39%
アンティグアバーブーダ
39%
エルサルバドル
39%
ギニア
39%
ブルキナファソ
38%
セントクリストファーネイビス
38%
バヌアツ
38%
アンドラ
38%
ガンビア
38%
ニウエ
38%
南スーダン
37%
カーボベルデ
37%
セントビンセントグレナディーン
37%
モザンビーク
36%
ハイチ
35%
マーシャル諸島
33%
タンザニア
33%
モーリシャス
33%
ガボン
32%
ルワンダ
32%
赤道ギニア
32%
ベリーズ
32%
リヒテンシュタイン
30%
コンゴ共和国
29%
ボリビア
28%
バハマ
27%
ベナン
27%
タジキスタン
26%
サントメプリンシペ
26%
ブルンジ
25%
ソロモン諸島
25%
ギニアビサウ
24%
No matching quizzes found
Score Distribution
Percent of People with Each Score
Percentile by Number Answered
Your Score History
You have not taken this quiz